000 00544nam a2200193 a 4500
001 000034649
005 20200930073822.0
008 111012s2008 sp 000 0 spa d
020 _a9789688536889
040 _aDO-SdBNP
_bspa
_cBNPHU
082 _axxxx
_bxxxx
100 1 _aSavater, Fernando
_917672
245 1 0 _aÉtica para Amador /
_cFernando Savater.
260 _aMéxico :
_bPaidós,
_c2008.
300 _a143 p. ;
_c23 cm.
490 1 _aAriel
_v5
500 _aLa biblioteca posee la reimpresión del 2009
830 0 _aAriel
_n5
_960085
999 _c34140
_d34140